Missing Word: Songs II Quiz Stats

Quiz Updated Mar 9, 2016

Challenge
Share
Tweet
Embed
Score 0/22 Timer 03:00
0 Plays Today
Song Title Missing Word % Correct
_____ Bloody _____Sunday
83.5%
Fade to _____Black
81.5%
Tiny _____Dancer (1964)
76.6%
Sound of _____Silence (1989)
73.2%
Free _____Bird (2009)
73%
Heart of _____Gold (1924)
69.3%
The Girl is _____Mine
65.6%
_____ SugarBrown (2008)
57.9%
Civil _____War
56.1%
_____ TrouperSuper
51.9%
All _____Star (1953)
41.1%
Song Title Missing Word % Correct
Dance in the _____Dark
39.8%
Positively 4th _____Street
28.5%
_____ TimeBig
26.5%
Uncle Albert/_____ HalseyAdmiral (1937)
17.9%
My _____Hero (1993)
17.3%
Life in a _____ TownNorthern
17.3%
Race each missing word pair (trio) has wonThe Kentucky Derby
17.2%
It's Like _____That
15.5%
_____ of LoveSea
13.9%
____ of PurposeSense (2007)
5.4%
Life _____Saver (2010)
0.9%

Today's Daily Dose

Missing Word
For Dummies Books

Word Ladder
Ariana Grande

Quick Pick
1970s Authors

On This Day
June 21st II

You're not logged in!

Compare scores with friends on all Sporcle quizzes.
Join for Free
OR
Log In

You Might Also Like...

Show Comments

Extras

Top Quizzes Today


Score Distribution

Your Account Isn't Verified!

In order to create a playlist on Sporcle, you need to verify the email address you used during registration. Go to your Sporcle Settings to finish the process.

Report this User

Report this user for behavior that violates our Community Guidelines.

Details: